000 00330 a2200157 4500
001 68738
020 _a8530501292
040 _cAnchieta - Itaigara
100 _aBandeira, Pedro
240 1 0 _aO patinho feio
_lpor
245 1 0 _aO patinho feio
300 _a31
362 0 _a1997
650 4 _aLiteratura infantil
942 _cBK
999 _c68738
_d68738